La hernia (Record no. 116022)

MARC details
000 -LEADER
campo de control de longitud fija 00681nam a2200193 4500
001 - NÚMERO DE CONTROL
campo de control 116022
003 - IDENTIFICADOR DE NÚMERO DE CONTROL
campo de control ES-MaACL
005 - FECHA Y HORA DE LA ÚLTIMA TRANSACCIÓN
campo de control 20230906190621.0
007 - CAMPO FIJO DE DESCRIPCIÓN FÍSICA--INFORMACIÓN GENERAL
campo de control de longitud fija t|
008 - DATOS DE LONGITUD FIJA--INFORMACIÓN GENERAL
campo de control de longitud fija 061121s1948 sp r ||||1| spa d
100 1# - ENTRADA PRINCIPAL--NOMBRE DE PERSONA
Nombre de persona Ortiz Valdés, Manuel.
9 (RLIN) 87652
245 13 - MENCIÓN DEL TÍTULO
Título La hernia
Resto del título : cómo prevenir y cómo curar la hernia por procedimientos naturales /
Mención de responsabilidad, etc. Manuel Ortiz Valdés.
260 ## - PUBLICACIÓN, DISTRIBUCIÓN, ETC.
Lugar de publicación, distribución, etc. Valencia :
Nombre del editor, distribuidor, etc. Pastor V. Cortell,
Fecha de publicación, distribución, etc. 1948.
300 ## - DESCRIPCIÓN FÍSICA
Extensión 94 p. :
Otras características físicas il. ;
Dimensiones 18 cm.
490 1# - MENCIÓN DE SERIE
Mención de serie Colección conocimientos útiles de medicina natural
830 0# - PUNTO DE ACCESO ADICIONAL DE SERIE-TÍTULO UNIFORME
Título uniforme Colección conocimientos útiles de medicina natural
9 (RLIN) 233288
852 ## - LOCALIZACIÓN
Ubicación ES-MaACL
Número de control de estantería D-7378
Sublocalización o colección R.26571
Holdings
Estatus retirado Estado de pérdida Estado de daño No para préstamo Biblioteca de origen Biblioteca actual Ubicación en estantería Fecha de adquisición Fuente de adquisición Total de préstamos Signatura topográfica completa Código de barras Visto por última vez Precio de reemplazo Tipo de ítem Koha
        Biblioteca del Ateneo de Madrid Biblioteca del Ateneo de Madrid Sala Valle Inclán 17/01/2008     D-7378 901120989 23/02/2023 23/02/2023 Libro impreso